000 00650nam a2200253Ia 4500
003 OSt
005 20220918223532.0
006 a|||||r|||| 00| 0
007 ta
008 220917b |||||||| |||| 00| 0 eng d
024 _a223,264
037 _cTextual
040 _aARTS
_cARTS
_beng
041 _2eng
_aeng
082 _aPxN28:g, N9;P4
100 _aSmith Neil
_918307
245 0 _aChomsky
_b Ideas and ideals
250 _a2nd
260 _aU.K.
_bCambridge Univ. press
_c2004
300 _axiii, 282p
_ccm.
650 _aLINGUISTICS
942 _hPxN28:g, N9;P4
_cTEXL
_2CC
999 _c278725
_d278725